000
00336pab a2200157 454500
008
180718b2014 xxu||||| |||| 00| 0 eng d
100
_a
Jain, Yogesh et al
245
_a
Ensuring a civil life
260
_c
2014
300
_a
p.33-37.
362
_a
Sep
650
_a
Tribes
773
_a
Seminar
908
_a
N
909
_a
105394
999
_c
105389
_d
105389